Biologia medyczna - Statystyki

Ogólne statystyki
  • Ten quiz został rozwiązany 142 razy
  • Średni wynik to 2 z 38
Statystyki odpowiedzi
Nazwa polska Nazwa łacińska % Poprawnych
Człowiek rozumny Homo sapiens
100%
Rzęsistek pochwowy Trichomonas vaginalis
7%
Motylica wątrobowa Fasciola hepatica
6%
Mucha domowa Musca domestica
6%
Zarodziec sierpowaty Plasmodium falciparum
6%
Zarodziec ruchliwy Plasmodium vivax
6%
Tasiemiec nieuzbrojony Taenia saginata
6%
Tasiemiec uzbrojony Taenia solium
6%
Świdrowiec amerykański Trypanosoma cruzi
6%
Komar pospolity Culex pipiens
5%
Nużeniec Demodex
5%
Tasiemiec bąblowcowy jednojamowy Echinococcus granulosus
5%
Tasiemiec bąblowcowy wielojamowy Echinococcus multilocularis
5%
Owsik ludzki Enterobius vermicularis
5%
Kleszcz pastwiskowy Ixodes ricinus
5%
Wesz ludzka Pediculus humanus
5%
Wesz łonowa Pthirus pubis
5%
Glista psia Toxocara canis
5%
Włosień kręty Trichinella spiralis
5%
Komar widliszek Anopheles maculipennis
4%
Glista ludzka Ascaris lumbricoides
4%
Pełzak czerwonki Entamoeba histolytica
4%
Włosogłówka ludzka Trichuris trichiura
4%
Świdrowiec gambijski Trypanosoma brucei gambiense
4%
Tęgoryjec dwunastnicy Ancylostoma duodenale
3%
Pchła ludzka Pulex irritans
3%
Świerzbowiec ludzki Sarcoptes scabiei
3%
Cebula zwyczajna Allium cepa
2%
Pluskwa domowa Cimex lectularius
2%
Bruzdogłowiec szeroki Diphyllobothrium latum
2%
- Leishmania tropica
2%
- Loa loa
2%
Mucha zielona Lucilia sericata
2%
Ścierwica Sarcophaga haemorrhoidalis
2%
- Toxoplasma gondii
2%
- Acanthamoeba castellanii
1%
- Cryptosporidium parvum
1%
Przywra żylna Schistosoma mansoni
1%
Nie znaleziono quizów pasujących do podanych kryteriów
Rozkład punktacji
Procent ludzi z każdym wynikiem
Percentyl według liczby udzielonych odpowiedzi
Twoja historia wyników
Nie rozwiązałeś tego quizu